000 00806nam a2200217 i 4500
001 147785
003 ES-MaACL
007 t|
008 071005s1971 sp ||||1| spa d
080 _a632(02)
100 1 _aUrquijo Landaluze, Pedro.
_9112209
245 1 0 _aPatología vegetal agrícola
_b: enfermedades de las plantas /
_cPedro Urquijo Landaluze, Juan Rodríguez Sardiña, Gregorio Santaolalla Azpilicueta... ; prólogo de Miguel Benlloch.
250 _a[2ª ed. rev. y amp.].
260 _aMadridc. :
_bMundi,
_c1971.
300 _aXXXII, 755 p. :
_bil. ;
_c25 cm.
650 1 4 _aPatología vegetal.
_915885
700 1 _aRodríguez Sardiña, Juan.
_998815
700 1 _aSantaolalla Azpilicueta, Gregorio.
_9103349
700 1 _aBenlloch, Miguel.
_927719
852 _aES-MaACL
_jE-7610
_bR.92079
999 _c147785
_d147785